000
00399nam a22000977a 4500
100
_a
कुमार,अजीत
_9
80218
245
_a
ख्वाजा अहमद अब्बास मेरी कथा-यात्रा आलिफ लैला 1956
260
_a
दिल्ली
_b
डी पी एस बुक्स
_c
2019
650
_a
कहानी
_9
80219
942
_c
HIN
999
_c
63651
_d
63651